000 01265nam a2200301Ia 4500
001 ebr10141673
003 CaPaEBR
006 m u
007 cr cn|||||||||
008 940119s1994 quc sb 001 0 eng d
010 _z 95131773
020 _z0773511717
040 _aCaPaEBR
_cCaPaEBR
035 _a(OCoLC)180704337
050 1 4 _aPM635
_b.P53 1994eb
100 1 _aPicard, Marc.
245 1 0 _aPrinciples and methods in historical phonology
_h[electronic resource] :
_bfrom Proto-Algonkian to Arapaho /
_cMarc Picard.
260 _aMontreal ;
_aBuffalo :
_bMcGill-Queen's University Press,
_c1994.
300 _ax, 193 p.
504 _aIncludes bibliographical references p. [185]-190) and index.
533 _aElectronic reproduction.
_bPalo Alto, Calif. :
_cebrary,
_d2009.
_nAvailable via World Wide Web.
_nAccess may be limited to ebrary affiliated libraries.
650 0 _aArapaho language
_xPhonology, Historical.
650 0 _aReconstruction (Linguistics)
_xMethodology.
650 0 _aGrammar, Comparative and general
_xPhonology.
655 7 _aElectronic books.
_2local
710 2 _aebrary, Inc.
856 4 0 _uhttp://site.ebrary.com/lib/rucke/Doc?id=10141673
_zAn electronic book accessible through the World Wide Web; click to view
999 _c83753
_d83753